Apaisa hunte kana theih dan (Record no. 7555)
[ view plain ]
| 000 -LEADER | |
|---|---|
| fixed length control field | 00363nam a22001577a 4500 |
| 003 - CONTROL NUMBER IDENTIFIER | |
| control field | GBCCL |
| 005 - DATE AND TIME OF LATEST TRANSACTION | |
| control field | 20241126110631.0 |
| 008 - FIXED-LENGTH DATA ELEMENTS--GENERAL INFORMATION | |
| fixed length control field | 180823b ||||| |||| 00| 0 eng d |
| 040 ## - CATALOGING SOURCE | |
| Transcribing agency | gbc |
| 082 ## - DEWEY DECIMAL CLASSIFICATION NUMBER | |
| Classification number | VER 390.08 |
| Item number | KAI |
| 100 ## - MAIN ENTRY--PERSONAL NAME | |
| Personal name | Kaineng |
| 9 (RLIN) | 13357 |
| 245 ## - TITLE STATEMENT | |
| Title | Apaisa hunte kana theih dan |
| 260 ## - PUBLICATION, DISTRIBUTION, ETC. | |
| Place of publication, distribution, etc. | Lamka: |
| Name of publisher, distributor, etc. | K Ginhao |
| 300 ## - PHYSICAL DESCRIPTION | |
| Extent | 83p. ; |
| 942 ## - ADDED ENTRY ELEMENTS (KOHA) | |
| Source of classification or shelving scheme | Dewey Decimal Classification |
| Koha item type | Books |
| Koha issues (borrowed), all copies | 1 |
| Withdrawn status | Lost status | Source of classification or shelving scheme | Damaged status | Not for loan | Collection | Home library | Current Library | Shelving location | Date acquired | Total checkouts | Full call number | Barcode | Date last seen | Copy number | Price effective from | Koha item type | Date last checked out |
|---|---|---|---|---|---|---|---|---|---|---|---|---|---|---|---|---|---|
| Dewey Decimal Classification | GRACE BIBLE COLLEGE | GRACE BIBLE COLLEGE | Vernacular | 2018-08-23 | VER 390.08 KAI | 002836 | 2025-05-01 | c.1 | 2018-08-23 | Books | |||||||
| Dewey Decimal Classification | GRACE BIBLE COLLEGE | GRACE BIBLE COLLEGE | Vernacular | 2018-08-23 | VER 390.08 KAI | 002853 | 2025-05-01 | c.2 | 2018-08-23 | Books | |||||||
| Dewey Decimal Classification | GRACE BIBLE COLLEGE | GRACE BIBLE COLLEGE | Vernacular | 2018-08-23 | VER 390.08 KAI | 002854 | 2025-05-01 | c.3 | 2018-08-23 | Books | |||||||
| Dewey Decimal Classification | GRACE BIBLE COLLEGE | GRACE BIBLE COLLEGE | Vernacular | 2018-08-23 | 2 | VER 390.08 KAI | 002855 | 2026-02-17 | c.4 | 2018-08-23 | Books | 2026-02-16 | |||||
| Dewey Decimal Classification | GRACE BIBLE COLLEGE | GRACE BIBLE COLLEGE | Archives | 2018-08-23 | VER 390.08 KAI | 002870 | 2025-05-01 | c.5 | 2018-08-23 | Archives |